Cơ học đất

Saved in:
Bibliographic Details
Main Author:  Võ, Phán
Format: Sách
Language:Undetermined
Published:  Xây dựng  2016
Subjects:
Tags: Add Tag
No Tags, Be the first to tag this record!
Institutions: Trung tâm Thư viện - Trường Đại học Công nghiệp TP. Hồ Chí Minh
LEADER 00460nam a2200157Ia 4500
001 UIH_07935
008 231011s9999 xx 000 0 und d
082 |a  624.15136 
100 |a  Võ, Phán 
245 0 |a  Cơ học đất 
245 0 |c  Võ, Phán 
260 |b  Xây dựng 
260 |c  2016 
650 |a  Cơ học đất;  
927 |a Sách 
980 |a Trung tâm Thư viện - Trường Đại học Công nghiệp TP. Hồ Chí Minh